[Event "Chigorin Memorial Open"]
[Site "St Petersburg RUS"]
[Date "2011.10.14"]
[Round "1.28"]
[White "Shomoev, Anton"]
[Black "Vorobjev, Dmitry"]
[Result "1/2-1/2"]
[WhiteTitle "GM"]
[WhiteElo "2577"]
[BlackElo "2214"]
[WhiteFideId "4135148"]
[BlackFideId "24112178"]
[EventDate "2011.10.14"]

1. Nf3 c5 2. c4 Nc6 3. Nc3 e5 4. e3 Nf6 5. Be2 d5 6. d4 exd4 7. exd4 Be6 8. Be3
cxd4 9. Nxd4 Nxd4 10. Bxd4 dxc4 11. O-O Be7 12. Bf3 Qd7 13. Qa4 Qxa4 14. Nxa4
Rd8 15. Rad1 b6 16. Nc3 Bd6 17. Bc6+ Ke7 18. Rfe1 Bc5 19. Bxc5+ bxc5 20. Bd5
Nxd5 21. Nxd5+ Kf8 22. Nc3 Rd3 23. Kf1 Ke7 24. Nd5+ Kd6 25. Nf4 Rd4 26. Ne2 Rxd1
27. Rxd1+ Ke5 28. f4+ Ke4 29. Kf2 Bg4 30. Nc3+ Kxf4 31. Rd5 Be6 32. Ne2+ Ke4 33.
Nc3+ Kf4 34. Ne2+ Ke4 35. Nc3+ Kf4 36. Ne2+ Ke4 1/2-1/2

[Event "Chigorin Memorial Open"]
[Site "St Petersburg RUS"]
[Date "2011.10.14"]
[Round "1.29"]
[White "Sukhareva, Evgeniya"]
[Black "Demchenko, Anton"]
[Result "0-1"]
[BlackTitle "IM"]
[WhiteElo "2213"]
[BlackElo "2574"]
[WhiteFideId "4167155"]
[BlackFideId "4160258"]
[EventDate "2011.10.14"]

1. d4 Nf6 2. c4 g6 3. Nc3 Bg7 4. Nf3 d6 5. g3 O-O 6. Bg2 Nbd7 7. O-O e5 8. e4
exd4 9. Nxd4 Nc5 10. h3 Re8 11. Re1 a5 12. b3 c6 13. Rb1 h6 14. Bb2 a4 15. b4 a3
16. Bc1 Ne6 17. Nf3 Nh7 18. Qd3 Neg5 19. Nxg5 Nxg5 20. Kh2 Qf6 21. Nd1 d5 22.
cxd5 cxd5 23. e5 Rxe5 24. Rxe5 Qxe5 25. Ne3 d4 26. f4 Qe8 27. fxg5 dxe3 28. Qxe3
Be6 29. Qf2 Bf5 30. Rb3 Rc8 31. Bxa3 Rc2 32. Re3 Qb5 33. Qf3 hxg5 34. Kh1 Bd4
35. Re1 Rc3 36. Qd1 Rd3 37. Qe2 Qa4 38. Bc1 Rxg3 39. Qe8+ Qxe8 40. Rxe8+ Kg7 41.
Kh2 Rc3 42. Bb2 Rc4 43. Bxd4+ Rxd4 44. Bxb7 Rxb4 45. Bd5 Rd4 46. Bb3 Rd2+ 47.
Kg3 Rd3+ 48. Kf2 Bxh3 49. Re7 g4 50. Rxf7+ Kh6 51. Re7 Kg5 52. Kg1 Rd2 53. Re1
Bg2 54. Rd1 Rb2 55. Rc1 Be4 56. Re1 Bf3 57. Rc1 Rg2+ 58. Kf1 Rh2 59. Rc2 g3 60.
Rc5+ Kh6 0-1

[Event "Chigorin Memorial Open"]
[Site "St Petersburg RUS"]
[Date "2011.10.14"]
[Round "1.30"]
[White "Kovchan, Alexander"]
[Black "Chehlov, Aleksander"]
[Result "1-0"]
[WhiteTitle "GM"]
[BlackTitle "FM"]
[WhiteElo "2569"]
[BlackElo "2211"]
[WhiteFideId "14103052"]
[BlackFideId "11600632"]
[EventDate "2011.10.14"]

1. e4 d5 2. exd5 Nf6 3. Nf3 Nxd5 4. d4 g6 5. c4 Nf6 6. Be2 Bg7 7. O-O O-O 8. Nc3
c6 9. h3 a6 10. a4 a5 11. Be3 Na6 12. Ne5 Nb4 13. Rc1 Ne8 14. b3 Nd6 15. g4 e6
16. f4 f6 17. Nd3 Nxd3 18. Qxd3 Nf7 19. Rcd1 Re8 20. Bf3 Bd7 21. Bg2 Bf8 22. Bf2
Bg7 23. d5 cxd5 24. cxd5 e5 25. fxe5 Nxe5 26. Qg3 f5 27. gxf5 Bxf5 28. d6 Rb8
29. Nb5 Qd7 30. Nd4 Rf8 31. Nb5 Kh8 32. Bd4 Nc6 33. Bxg7+ Qxg7 34. Rfe1 Rbd8 35.
Rd2 Bd7 36. Nc7 Bf5 37. Kh2 Qf6 38. Nb5 Rf7 39. Rc1 Bd7 40. Rf1 Bf5 41. Be4 Qg7
42. Bxf5 Rxf5 43. Rxf5 gxf5 44. Rf2 Qf6 45. Qf4 Rf8 46. Rd2 Rg8 47. Nd4 Rf8 48.
Nxc6 bxc6 49. d7 Kg7 50. d8=Q 1-0

[Event "Chigorin Memorial Open"]
[Site "St Petersburg RUS"]
[Date "2011.10.14"]
[Round "1.31"]
[White "Yakimenko, Alexander A."]
[Black "Zontakh, Andrey"]
[Result "0-1"]
[BlackTitle "GM"]
[WhiteElo "2211"]
[BlackElo "2569"]
[WhiteFideId "24141917"]
[BlackFideId "14101130"]
[EventDate "2011.10.14"]

1. d4 Nf6 2. c4 c5 3. d5 g6 4. Nc3 Bg7 5. Nf3 O-O 6. g3 d6 7. Bg2 e6 8. O-O exd5
9. Nxd5 Nxd5 10. Qxd5 Nc6 11. Bf4 Be6 12. Qd2 Bxc4 13. Rac1 Bxa2 14. b4 Nxb4 15.
Bxd6 b6 16. Bxf8 Qxd2 17. Nxd2 Rxf8 18. Nc4 Bxc4 19. Rxc4 a5 20. Rd1 a4 21. Rd7
a3 22. Ra7 Bb2 23. Be4 Rd8 24. e3 f5 25. Bf3 Nd3 26. Be2 Nc1 27. Bf3 Nb3 28.
Rca4 b5 29. R4a6 Nd2 30. Ba8 Ne4 31. Rc7 c4 32. Bd5+ Kh8 33. Raa7 Nf6 34. Be6
Re8 35. Bf7 Rf8 36. Be6 Re8 37. Bf7 Rb8 38. h3 Be5 39. Re7 Bd6 40. Re6 Bc5 41.
Raa6 Nd5 42. Re5 Nc7 43. Ra5 Bd6 44. Rd5 Nxd5 45. Bxd5 Bb4 46. Ra6 Rd8 47. Bc6
c3 0-1

[Event "Chigorin Memorial Open"]
[Site "St Petersburg RUS"]
[Date "2011.10.14"]
[Round "1.32"]
[White "Shimanov, Aleksandr"]
[Black "Naboka, Sergey"]
[Result "1-0"]
[WhiteTitle "GM"]
[WhiteElo "2565"]
[BlackElo "2210"]
[WhiteFideId "4198603"]
[BlackFideId "14123452"]
[EventDate "2011.10.14"]

1. c4 f5 2. d4 Nf6 3. Nc3 g6 4. f3 Bg7 5. e4 d6 6. e5 dxe5 7. dxe5 Qxd1+ 8. Kxd1
Nfd7 9. f4 b6 10. Nf3 Nc5 11. Be3 Nba6 12. a3 Nb3 13. Rb1 Bb7 14. Kc2 Nac5 15.
Be2 O-O-O 16. Rbd1 Rxd1 17. Rxd1 e6 18. g3 a5 19. Ng5 Re8 20. h3 h6 21. Nf3 Bc6
22. a4 Rg8 23. Nb5 Be4+ 24. Kc3 Bf8 25. Rf1 Be7 26. h4 Rd8 27. Rd1 Rg8 28. Ng1
g5 29. hxg5 hxg5 30. Nh3 gxf4 31. Bxf4 Rh8 32. Bf1 Bf3 33. Re1 Kb7 34. Ng1 Be4
35. Nh3 Rd8 36. Nf2 c6 37. Nxe4 cxb5 1-0

[Event "Chigorin Memorial Open"]
[Site "St Petersburg RUS"]
[Date "2011.10.14"]
[Round "1.33"]
[White "Nikitinyh, Boris"]
[Black "Lintchevski, Daniil"]
[Result "0-1"]
[BlackTitle "GM"]
[WhiteElo "2203"]
[BlackElo "2558"]
[WhiteFideId "4198328"]
[BlackFideId "4171055"]
[EventDate "2011.10.14"]

1. e4 c5 2. Nf3 Nc6 3. d4 cxd4 4. Nxd4 g6 5. Be3 Nf6 6. Nc3 Bg7 7. Be2 O-O 8.
Qd2 d5 9. exd5 Nxd5 10. Nxc6 bxc6 11. Nxd5 cxd5 12. c3 e5 13. Rd1 Bb7 14. O-O
Qa5 15. Bh6 Qxa2 16. Bxg7 Kxg7 17. f4 Rae8 18. Bb5 Re7 19. fxe5 Qa5 20. Qg5 Qc7
21. Rde1 Re6 22. Kh1 h6 23. Qf4 a6 24. Bd3 Rfe8 25. Re3 R8e7 26. Rfe1 a5 27. Qg3
Ba6 28. Bxa6 Rxa6 29. h3 Rae6 30. Qf4 Qc4 31. Qf2 a4 32. Rf3 Qb5 33. Qd4 Qxb2
34. Qxa4 Rxe5 35. Rxe5 Rxe5 36. Qa7 Rf5 37. Qd4+ Kg8 38. Rxf5 Qb1+ 39. Kh2 Qxf5
40. c4 dxc4 41. Qxc4 g5 42. Kg1 Qe5 43. Kf2 Kg7 44. Qd3 h5 45. Kf1 Qc5 46. Ke2
Kf6 47. Qf3+ Kg6 48. g4 Qe5+ 49. Kd3 Qe6 50. Qg2 Qb3+ 51. Kd4 Qa4+ 52. Kd3 Qd7+
53. Ke3 Qe6+ 54. Kd3 hxg4 55. hxg4 Kf6 56. Qf3+ Ke7 57. Kd2 Qd6+ 58. Ke2 Qe5+
59. Kf2 Qf6 60. Kg2 Qxf3+ 61. Kxf3 Kd6 0-1

[Event "Chigorin Memorial Open"]
[Site "St Petersburg RUS"]
[Date "2011.10.14"]
[Round "1.35"]
[White "Zizlova, Sofia"]
[Black "Vysochin, Spartak"]
[Result "0-1"]
[BlackTitle "GM"]
[WhiteElo "2199"]
[BlackElo "2558"]
[WhiteFideId "4123476"]
[BlackFideId "14103516"]
[EventDate "2011.10.14"]

1. e4 e6 2. d4 d5 3. Nd2 c5 4. exd5 exd5 5. Ngf3 Nc6 6. Bb5 cxd4 7. Nxd4 Bd7 8.
N2f3 Bd6 9. O-O Nge7 10. c3 O-O 11. Bg5 Qb6 12. Re1 Rfe8 13. Bh4 Ng6 14. Rxe8+
Rxe8 15. Bg3 Bxg3 16. hxg3 Nxd4 17. Bxd7 Ne2+ 18. Kh2 Re7 19. Qxd5 Qxf2 20. Qd6
Qxg3+ 21. Qxg3 Nxg3 22. Rd1 Nf1+ 23. Kg1 Ne3 24. Rd4 Nf8 25. Bc8 f5 26. Rd8 g6
27. Nd4 Kg7 28. Nb5 b6 29. Nd6 h5 30. Ne8+ Kh6 31. Nd6 Nh7 32. a4 Nf6 33. Ba6
Kg5 34. Nc4 Nxc4 35. Bxc4 Re1+ 36. Kf2 Rb1 37. b3 Rb2+ 38. Kf1 Ng4 39. Re8 Kf4
40. Re7 Ne3+ 41. Ke1 Nxg2+ 42. Kd1 Ne3+ 43. Kc1 Rc2+ 44. Kb1 Rxc3 0-1

[Event "Chigorin Memorial Open"]
[Site "St Petersburg RUS"]
[Date "2011.10.14"]
[Round "1.38"]
[White "Popov, Valerij"]
[Black "Shaydullina, Sandugach"]
[Result "1-0"]
[WhiteTitle "GM"]
[BlackTitle "WGM"]
[WhiteElo "2545"]
[BlackElo "2191"]
[WhiteFideId "4119410"]
[BlackFideId "4140389"]
[EventDate "2011.10.14"]

1. e4 c5 2. Nf3 d6 3. d4 Nf6 4. dxc5 Nxe4 5. cxd6 Nxd6 6. Nc3 Nc6 7. Bf4 Bg4 8.
h3 Bh5 9. Qd5 Bg6 10. O-O-O Bxc2 11. Rd2 Bg6 12. Bb5 Qc7 13. Nd4 O-O-O 14. Nxc6
bxc6 15. Bxc6 e6 16. Qf3 Qe7 17. Bd7+ Qxd7 18. Qa8+ Kc7 19. Qxa7+ Kc8 20. Qa8+
Kc7 21. Qa5+ Kc8 22. Rhd1 Qc6 23. Qb4 Rd7 24. Bxd6 Rb7 25. Qa3 Bxd6 26. Rxd6 Qc7
27. Qa8+ Qb8 28. Rc6+ Rc7 29. Qa6+ Qb7 30. Rxc7+ Kxc7 31. Rd7+ Kxd7 32. Qxb7+
Kd6 33. a4 f5 34. f4 Re8 35. b4 e5 36. Nb5+ Ke6 37. Nc7+ 1-0

[Event "Chigorin Memorial Open"]
[Site "St Petersburg RUS"]
[Date "2011.10.14"]
[Round "1.39"]
[White "Balaian, Alina"]
[Black "Epishin, Vladimir"]
[Result "1/2-1/2"]
[BlackTitle "GM"]
[WhiteElo "2188"]
[BlackElo "2544"]
[WhiteFideId "24115347"]
[BlackFideId "4162714"]
[EventDate "2011.10.14"]

1. e4 c6 2. d4 d5 3. f3 e6 4. Nc3 Bb4 5. Bf4 Ne7 6. Qd3 a5 7. Ne2 b5 8. g3 O-O
9. a3 Bd6 10. e5 Bc7 11. h4 Nd7 12. Bh3 c5 13. Nxb5 cxd4 14. Qxd4 Bxe5 15. Bxe5
Nc6 16. Bc7 Nxd4 17. Bxd8 Nxb5 18. a4 Na3 19. Rxa3 Rxd8 20. Nd4 Nc5 21. Bf1 Bd7
22. Bb5 Rac8 23. Rh2 e5 24. Nb3 Bxb5 25. axb5 Nxb3 26. Rxb3 Rc5 27. Rd2 Kf8 28.
b6 Ke7 29. f4 exf4 30. gxf4 Rb8 31. b7 Kd6 32. Rg2 g6 33. Rb6+ Kc7 34. Rf6 Kxb7
35. Rxf7+ Rc7 36. Rf6 Rc6 37. Rf7+ Rc7 38. Rf6 Rc6 39. Rf7+ Rc7 40. Rf6 Rc6 1/2-1/2

[Event "Chigorin Memorial Open"]
[Site "St Petersburg RUS"]
[Date "2011.10.14"]
[Round "1.40"]
[White "Malakhatko, Vadim"]
[Black "Rjanova, Valery"]
[Result "1-0"]
[WhiteTitle "GM"]
[WhiteElo "2543"]
[BlackElo "2187"]
[WhiteFideId "14104202"]
[BlackFideId "24129119"]
[EventDate "2011.10.14"]

1. d4 Nf6 2. Nf3 g6 3. Bf4 Bg7 4. e3 O-O 5. Be2 c5 6. c3 d6 7. h3 Nbd7 8. O-O b6
9. a4 Qc7 10. Bh2 Bb7 11. Nbd2 a6 12. Bd3 e5 13. dxe5 Nxe5 14. Be2 Rad8 15. Nc4
Nxc4 16. Bxc4 Qc8 17. Be2 Bc6 18. Qb3 Qb7 19. Rfd1 Ne4 20. Qc4 b5 21. Qb3 Rfe8
22. axb5 axb5 23. Ra5 Ra8 24. Rxa8 Rxa8 25. Bxd6 b4 26. Be5 bxc3 27. Qxb7 Bxb7
28. bxc3 Nxc3 29. Bxc3 Bxc3 30. Ng5 Bc6 31. Bc4 Ra7 32. Rd8+ Kg7 33. Rc8 Ra1+
34. Kh2 Ra4 35. Bxf7 Bd7 36. Rxc5 Bf6 37. Be6 Ra7 38. Bxd7 Rxd7 39. Ne4 Be7 40.
Rc6 Ra7 41. Kg3 Ra5 42. Kf3 1-0

[Event "Chigorin Memorial Open"]
[Site "St Petersburg RUS"]
[Date "2011.10.14"]
[Round "1.41"]
[White "Butuc, Maria"]
[Black "Ionov, Sergey"]
[Result "1/2-1/2"]
[WhiteTitle "WIM"]
[BlackTitle "GM"]
[WhiteElo "2183"]
[BlackElo "2540"]
[WhiteFideId "13902911"]
[BlackFideId "4100875"]
[EventDate "2011.10.14"]

1. d4 Nf6 2. c4 d6 3. Nc3 Bf5 4. f3 e5 5. d5 e4 6. g4 Nxg4 7. fxg4 Qh4+ 8. Kd2
e3+ 9. Kxe3 Qg5+ 10. Kf2 Qh4+ 11. Ke3 Qg5+ 12. Kf2 Qh4+ 13. Ke3 Qg5+ 14. Kf2 1/2-1/2

[Event "Chigorin Memorial Open"]
[Site "St Petersburg RUS"]
[Date "2011.10.14"]
[Round "1.42"]
[White "Gabrielian, Artur"]
[Black "Pimenov, Revolt"]
[Result "1-0"]
[WhiteTitle "GM"]
[WhiteElo "2531"]
[BlackElo "2179"]
[WhiteFideId "4131002"]
[BlackFideId "4146590"]
[EventDate "2011.10.14"]

1. Nf3 Nf6 2. g3 c5 3. Bg2 g6 4. O-O Bg7 5. d3 O-O 6. e4 Nc6 7. Nc3 d6 8. h3 Rb8
9. Be3 b5 10. Qd2 b4 11. Ne2 Nd7 12. Qc1 Re8 13. Bh6 Bh8 14. Nd2 Nd4 15. Nxd4
Bxd4 16. Kh2 a5 17. f4 a4 18. Rb1 Ba6 19. Nf3 Bh8 20. b3 d5 21. e5 c4 22. dxc4
dxc4 23. Rd1 Qc8 24. e6 fxe6 25. Qe3 Nf6 26. Ng5 Bb7 27. Bxb7 Rxb7 28. Nxe6 cxb3
29. cxb3 Qc2+ 30. Kg1 Qe4 31. Re1 Qxe3+ 32. Rxe3 Nd5 33. Rd3 Nc3 34. Re1 axb3
35. axb3 Ra7 36. Kg2 Ra3 37. Nc7 Rc8 38. Rxe7 Rxb3 39. Rdd7 Rb2+ 40. Kf3 Rh2 41.
Bg7 Rxh3 42. Kg2 Rh5 43. Ne8 Nd5 44. Rxd5 Bxg7 45. Rxh5 gxh5 46. Nxg7 h4 47. Rb7
Rc2+ 48. Kh3 hxg3 49. Kxg3 b3 50. Ne6 b2 51. f5 Re2 52. Kf3 Re5 53. Kf4 Re2 54.
Kg5 Rg2+ 55. Kf6 h5 56. Rb8+ Kh7 57. Ng5+ 1-0

[Event "Chigorin Memorial Open"]
[Site "St Petersburg RUS"]
[Date "2011.10.14"]
[Round "1.43"]
[White "Skvortsov, Alexander"]
[Black "Mastrovasilis, Athanasios"]
[Result "0-1"]
[BlackTitle "GM"]
[WhiteElo "2179"]
[BlackElo "2529"]
[WhiteFideId "24170038"]
[BlackFideId "4201990"]
[EventDate "2011.10.14"]

1. e4 c5 2. Nf3 g6 3. c4 Nc6 4. d4 cxd4 5. Nxd4 Nf6 6. Nc3 d6 7. Be2 Nxd4 8.
Qxd4 Bg7 9. O-O O-O 10. Qd3 Be6 11. Nd5 Nd7 12. Bg5 Bxd5 13. Qxd5 Bxb2 14. Rab1
Bf6 15. Bxf6 Nxf6 16. Qxb7 Nd7 17. h4 Nc5 18. Qd5 e6 19. Qd4 Qxh4 20. Bf3 Rad8
21. g3 Qg5 22. Kg2 e5 23. Qc3 h5 24. Rh1 Kg7 25. Rh4 Rh8 26. Be2 Qf6 27. Qe3 Rb8
28. Rhh1 Rxb1 29. Rxb1 h4 30. Bg4 Qd8 31. Rd1 hxg3 32. fxg3 Qb6 33. Qa3 Nxe4 34.
c5 Nxc5 35. Bf3 Qc7 36. Bd5 Qd7 37. Rh1 Rxh1 38. Kxh1 Qg4 39. Bg2 a6 40. Kh2 Qd4
41. Qf3 e4 42. Qf4 d5 43. g4 Nd3 0-1

[Event "Chigorin Memorial Open"]
[Site "St Petersburg RUS"]
[Date "2011.10.14"]
[Round "1.45"]
[White "Polonovsky, Evgeny"]
[Black "Bodnaruk, Anastasia"]
[Result "0-1"]
[BlackTitle "IM"]
[WhiteElo "2172"]
[BlackElo "2417"]
[WhiteFideId "4144813"]
[BlackFideId "4181751"]
[EventDate "2011.10.14"]

1. e4 c5 2. Nf3 d6 3. Bc4 Nf6 4. e5 dxe5 5. Nxe5 e6 6. Qe2 Bd6 7. b3 O-O 8. Bb2
Nbd7 9. f4 Nb6 10. Bd3 Nbd5 11. O-O Nb4 12. Nc3 Nxd3 13. cxd3 Be7 14. Ne4 Nd5
15. Qh5 f6 16. Ng4 Qe8 17. Qxe8 Rxe8 18. Nc3 Rd8 19. Rf3 b6 20. Nf2 Kf7 21. Nxd5
Rxd5 22. Re1 b5 23. a3 a5 24. Kf1 Rd8 25. a4 Bd7 26. Rfe3 Bd6 27. f5 exf5 28.
axb5 Bxb5 29. Ba3 f4 30. Rh3 Bd7 31. Rxh7 Bf5 32. Rh5 Kg6 0-1

[Event "Chigorin Memorial Open"]
[Site "St Petersburg RUS"]
[Date "2011.10.14"]
[Round "1.46"]
[White "Rasulov, Vugar"]
[Black "Ezov, Roman"]
[Result "1-0"]
[WhiteTitle "GM"]
[WhiteElo "2523"]
[BlackElo "2170"]
[WhiteFideId "13402390"]
[BlackFideId "4502078"]
[EventDate "2011.10.14"]

1. e4 e5 2. Nf3 Nc6 3. Bb5 a6 4. Ba4 d6 5. c3 f5 6. exf5 Bxf5 7. O-O Bd3 8. Re1
Be7 9. Qb3 b5 10. Qd5 Qd7 11. Qxd3 bxa4 12. Qc4 Nf6 13. Qxa4 e4 14. Ng5 d5 15.
d3 h6 16. Nh3 O-O 17. dxe4 Nxe4 18. Be3 Nc5 19. Qc2 Rae8 20. Nd2 Ne5 21. Bd4 Bd6
22. Rxe5 Rxe5 23. Bxe5 Bxe5 24. Re1 Re8 25. Rd1 Qa4 26. b3 Qa5 27. Nf3 Qxc3 28.
Qxc3 Bxc3 29. Rxd5 Bb4 30. g3 Re2 31. Ne5 Rxa2 32. Rd8+ Kh7 33. Nf4 g5 34. Nd5
Rd2 35. Nf6+ Kg7 36. Nh5+ Kh7 37. Rf8 Ne4 38. Rf7+ Kg8 39. Rxc7 Bc5 40. Nf6+
Nxf6 41. Rxc5 Ne4 42. Rc8+ Kg7 43. Rc7+ Kf6 44. Ng4+ Kg6 45. f3 Rd1+ 46. Kg2
Rd2+ 47. Kf1 Nd6 48. Rc6 Kf7 49. Rxa6 h5 50. Ke1 Rb2 51. Ne5+ Ke7 52. Rxd6 1-0

[Event "Chigorin Memorial Open"]
[Site "St Petersburg RUS"]
[Date "2011.10.14"]
[Round "1.48"]
[White "Gavrilov, Alexei1"]
[Black "Menkov, Aleksandr"]
[Result "1-0"]
[WhiteTitle "GM"]
[WhiteElo "2509"]
[BlackElo "2152"]
[WhiteFideId "4104358"]
[BlackFideId "24160326"]
[EventDate "2011.10.14"]

1. e4 c5 2. c3 e6 3. Nf3 d5 4. exd5 exd5 5. d4 Nf6 6. Bb5+ Bd7 7. Bxd7+ Nbxd7 8.
O-O Be7 9. dxc5 Nxc5 10. Nd4 O-O 11. Nf5 Re8 12. Nxe7+ Qxe7 13. Be3 Rac8 14. Na3
a6 15. Nc2 Na4 16. Rb1 Qe4 17. Bd4 Re6 18. Re1 Qg6 19. Ne3 Nb6 20. Bxb6 Rxb6 21.
Nxd5 Nxd5 22. Qxd5 h6 23. Qd4 Rb5 24. a4 Rb3 25. Qd1 Qb6 26. Qd7 Rc7 27. Qd8+
Kh7 28. g3 Rc6 29. Qd3+ g6 30. Qc2 a5 31. h4 h5 32. Re3 Rc4 33. Rf3 Kg7 34. Qe2
Qc5 1-0

[Event "Chigorin Memorial Open"]
[Site "St Petersburg RUS"]
[Date "2011.10.14"]
[Round "1.49"]
[White "Gorozhankina, Julia"]
[Black "Neverov, Valeriy"]
[Result "0-1"]
[WhiteTitle "WFM"]
[BlackTitle "GM"]
[WhiteElo "2140"]
[BlackElo "2508"]
[WhiteFideId "4199650"]
[BlackFideId "14100150"]
[EventDate "2011.10.14"]

1. d4 Nf6 2. Nf3 g6 3. c4 Bg7 4. Nc3 d5 5. Qb3 dxc4 6. Qxc4 O-O 7. e4 Bg4 8. Be2
Nbd7 9. d5 Nb6 10. Qb3 c6 11. Be3 cxd5 12. exd5 Nfd7 13. O-O Nc8 14. Rad1 Nd6
15. h3 Bxf3 16. Bxf3 Qa5 17. Rfe1 Rfe8 18. Bd4 Rac8 19. Re2 Nc5 20. Qc2 b5 21.
Qb1 Bxd4 22. Rxd4 b4 23. Ne4 Ncxe4 24. Bxe4 Rc5 25. Bf3 Rec8 26. Kh2 Rc1 27. Qd3
Qb6 28. Qd2 a5 29. g3 R8c2 30. Qd3 Rxe2 31. Bxe2 Qc5 32. Bd1 Rc4 33. Rxc4 Qxf2+
34. Kh1 Nxc4 35. Qxc4 Qe1+ 36. Kg2 Qxd1 37. Qc5 Qe2+ 38. Kg1 Qxb2 39. Qxa5 Kg7
40. h4 Qc1+ 41. Kg2 Qa3 42. Qc5 Qxa2+ 43. Kf3 Qd2 0-1

[Event "Chigorin Memorial Open"]
[Site "St Petersburg RUS"]
[Date "2011.10.14"]
[Round "1.50"]
[White "Belous, Vladimir"]
[Black "Lagashin, Pavel"]
[Result "1-0"]
[WhiteElo "2504"]
[BlackElo "2140"]
[WhiteFideId "4174003"]
[BlackFideId "24132144"]
[EventDate "2011.10.14"]

1. c4 Nf6 2. Nf3 c5 3. Nc3 Nc6 4. g3 d5 5. cxd5 Nxd5 6. Bg2 Nc7 7. a3 g6 8. b4
cxb4 9. axb4 Bg7 10. Qa4 O-O 11. O-O a6 12. Rb1 Bf5 13. Rb2 Nb5 14. Nxb5 axb5
15. Qxb5 Bxb2 16. Bxb2 Ra6 17. Bc3 Qb6 18. Qc4 Ra4 19. Qh4 f6 20. e4 Bc8 21. e5
fxe5 22. Ng5 h5 23. Qc4+ e6 24. Nxe6 Bxe6 25. Qxe6+ Kh7 26. Be4 Rg8 27. Bxe5 1-0

[Event "Chigorin Memorial Open"]
[Site "St Petersburg RUS"]
[Date "2011.10.14"]
[Round "1.51"]
[White "Basencyan, Mark"]
[Black "Goganov, Aleksey"]
[Result "1/2-1/2"]
[BlackTitle "IM"]
[WhiteElo "2135"]
[BlackElo "2500"]
[WhiteFideId "13300725"]
[BlackFideId "24109959"]
[EventDate "2011.10.14"]

1. d4 Nf6 2. Nf3 e6 3. Bf4 c5 4. c3 b6 5. e3 Bb7 6. Nbd2 Be7 7. h3 O-O 8. Bd3
Nc6 9. O-O d6 10. Qe2 Re8 11. a3 cxd4 12. cxd4 Qd7 13. Rfd1 a6 14. e4 Nxd4 15.
Nxd4 e5 16. Nc4 Qc7 17. Be3 exd4 18. Bxd4 b5 19. Nb6 Rab8 20. Rac1 Qd8 21. Qf3
Bf8 22. Nd5 Nxd5 23. exd5 Qg5 24. Be3 Qe5 25. Rc7 Re7 26. Rxe7 Bxe7 27. Qe4 Qxe4
28. Bxe4 g6 29. Rc1 Rc8 30. Rxc8+ Bxc8 31. Bd4 f5 32. Bf3 Kf7 33. b3 Bf6 34. Bb6
Bb2 35. a4 bxa4 36. bxa4 Kf6 37. Be2 Ke5 38. Bc4 Ba3 39. Be3 f4 40. Bd2 Kd4 41.
Be2 g5 42. h4 h6 43. g3 Kxd5 44. hxg5 hxg5 45. gxf4 gxf4 46. Bxf4 Bb4 47. Kf1
Bh3+ 48. Kg1 a5 49. Bb5 Ke4 50. Bh6 d5 51. Kh2 Bf5 52. Kg3 Bd6+ 53. Kg2 Bg4 54.
Bd2 Bb4 55. Bh6 d4 56. Kg3 Bf5 57. f3+ Kd5 58. Kf2 d3 59. Ke3 Bc5+ 60. Kd2 Bb4+ 1/2-1/2

[Event "Chigorin Memorial Open"]
[Site "St Petersburg RUS"]
[Date "2011.10.14"]
[Round "1.52"]
[White "Obolenskikh, Dmitry"]
[Black "Andronov, Ilya"]
[Result "1-0"]
[WhiteElo "2500"]
[BlackElo "2129"]
[WhiteFideId "4156013"]
[BlackFideId "24142239"]
[EventDate "2011.10.14"]

1. e4 c5 2. Nf3 e6 3. d4 cxd4 4. Nxd4 Nf6 5. Nc3 d6 6. g4 h6 7. f3 d5 8. Bb5+
Bd7 9. exd5 Nxd5 10. Nxd5 Qh4+ 11. Kf1 exd5 12. Bf4 Nc6 13. Kg2 Qf6 14. Re1+ Be7
15. Nxc6 bxc6 16. Be5 Qg6 17. Qe2 O-O 18. Bd3 f5 19. Qf2 Qg5 20. Qd4 fxg4 21. f4
Qh4 22. Bxg7 Rf7 23. Be5 c5 24. Qxd5 Rd8 25. Re3 1-0

[Event "Chigorin Memorial Open"]
[Site "St Petersburg RUS"]
[Date "2011.10.14"]
[Round "1.53"]
[White "Kulagin, Sergey"]
[Black "Onischuk, Vladimir"]
[Result "0-1"]
[BlackTitle "IM"]
[WhiteElo "2128"]
[BlackElo "2483"]
[WhiteFideId "4193253"]
[BlackFideId "14114038"]
[EventDate "2011.10.14"]

1. e4 d6 2. d4 Nf6 3. Nc3 g6 4. Bg5 Bg7 5. f3 h6 6. Be3 c6 7. Qd2 b5 8. O-O-O
Nbd7 9. g4 Rb8 10. Nce2 b4 11. Ng3 Qa5 12. Kb1 Nb6 13. b3 Be6 14. N1e2 c5 15.
Nf4 Na4 16. bxa4 Bxa2+ 17. Kxa2 Qxa4+ 18. Kb1 b3 19. c3 b2 20. Bh3 c4 21. Nd3
Qa1+ 22. Kc2 Qa2 0-1

[Event "Chigorin Memorial Open"]
[Site "St Petersburg RUS"]
[Date "2011.10.14"]
[Round "1.54"]
[White "Levin, Evgeny A."]
[Black "Pyatin, Alexander"]
[Result "1-0"]
[WhiteTitle "GM"]
[WhiteElo "2481"]
[BlackElo "2124"]
[WhiteFideId "4182596"]
[BlackFideId "24125920"]
[EventDate "2011.10.14"]

1. d4 Nf6 2. c4 c5 3. d5 e6 4. Nc3 exd5 5. cxd5 d6 6. Nf3 g6 7. Nd2 Qe7 8. e4
Bg7 9. Be2 O-O 10. O-O Na6 11. Re1 Nc7 12. a4 Rb8 13. Qc2 b6 14. Nc4 Nfe8 15.
Bf4 a6 16. Bf1 f6 17. Bg3 b5 18. Na5 Bd7 19. Nc6 Bxc6 20. dxc6 Rb6 21. axb5 axb5
22. Nd5 Nxd5 23. exd5 Qd8 24. Re6 f5 25. Rae1 Bh6 26. Qe2 Rb8 27. Re7 Bg5 28.
Qe6+ Kh8 29. Rd7 Qa5 30. Bxd6 Nxd6 31. Rxd6 c4 32. Qe5+ Kg8 33. c7 Rbc8 34. Rd7
Bf6 35. Qe6+ Kh8 36. d6 Qd2 37. Re2 Qd4 38. Rf7 1-0

[Event "Chigorin Memorial Open"]
[Site "St Petersburg RUS"]
[Date "2011.10.14"]
[Round "1.55"]
[White "Minina, Veronika"]
[Black "Rozum, Ivan"]
[Result "0-1"]
[BlackTitle "IM"]
[WhiteElo "2120"]
[BlackElo "2481"]
[WhiteFideId "4174780"]
[BlackFideId "24104272"]
[EventDate "2011.10.14"]

1. Nf3 c5 2. g3 g6 3. Bg2 Bg7 4. c4 Nc6 5. O-O d6 6. Nc3 Nh6 7. d3 O-O 8. Ne1
Rb8 9. Nc2 Bd7 10. Bd2 f5 11. Rb1 e5 12. Ne3 f4 13. Ned5 Nd4 14. e3 Bg4 15. f3
fxe3 16. Bxe3 Be6 17. Qd2 Nf7 18. f4 Nf5 19. Bf2 Qd7 20. fxe5 Nxe5 21. Rbe1 Ng4
22. Nf4 Bf7 23. Kh1 Nxf2+ 24. Rxf2 Kh8 25. Rfe2 Be5 26. Ne4 b6 27. Ng5 Bg8 28.
Rf2 Rbe8 29. Rfe2 Nd4 30. Rf2 Qg7 31. Be4 Bf6 32. Ngh3 Be5 33. Nd5 Rxf2 34. Nxf2
Be6 35. Nf4 Bxf4 36. Qxf4 d5 37. cxd5 Bxd5 38. Qd6 Bxa2 39. Ra1 Be6 40. Bg2 Bf5
41. Rf1 Qe5 42. Ne4 Qxd6 43. Nxd6 Re2 44. h3 Re6 45. Ne4 Kg7 46. Ng5 Re7 47. Ne4
Ne2 48. Kh2 Bxe4 49. Bxe4 Rf7 50. Re1 Rf2+ 51. Kh1 Nxg3+ 52. Kg1 Rxb2 0-1